Porno - Sech, Dalex, Justin Quiles, Lenny Tavárez, Feid - Estadísticas

Estadísticas generales
  • Esta prueba ha sido intentada 49 veces
  • La puntuación promedio es 229 de 435
Estadísticas de respuestas
Letra % Correcto
no
85%
No
85%
a
80%
A
80%
por
80%
y
80%
la
75%
Si
75%
si
75%
el
70%
El
70%
70%
mi
70%
porno
70%
70%
Se
70%
se
70%
Yo
70%
yo
70%
baby
65%
de
65%
En
65%
en
65%
es
65%
tu
65%
al
60%
Como
60%
como
60%
fuera
60%
labios
60%
Pero
60%
que
60%
qué
60%
quieren
60%
serio
60%
te
60%
Te
60%
un
60%
Una
60%
una
60%
Úsame
60%
úsame
60%
va
60%
algo
55%
Con
55%
con
55%
da
55%
lo
55%
Solo
55%
tiempo
55%
tus
55%
última
55%
volver
55%
bella
50%
conmigo
50%
crisis
50%
deja
50%
me
50%
Me
50%
misterio
50%
porque
50%
relación
50%
suena
50%
vez
50%
cierto
45%
estoy
45%
le
45%
Le
45%
Chingar
40%
chingar
40%
Ella
40%
pa
40%
quieres
40%
quiero
40%
cojo
35%
confiesa
35%
cuando
35%
Cuando
35%
di
35%
está
35%
gusta
35%
juguete
35%
las
35%
los
35%
noche
35%
nos
35%
nunca
35%
princesa
35%
sabe
35%
siempre
35%
Siempre
35%
Vamos
35%
Ya
35%
acúsame
30%
adorno
30%
ahí
30%
calentar
30%
car
30%
carro
30%
cogemos
30%
cogido
30%
fresa
30%
hemos
30%
motel
30%
panti
30%
panty
30%
preferido
30%
tengo
30%
Velitas
30%
video
30%
atraviesa
25%
baila
25%
bellaquita
25%
cama
25%
cheesy
25%
completa
25%
Compra
25%
conformo
25%
darte
25%
dice
25%
entera
25%
entorno
25%
estás
25%
Estas
25%
les
25%
luce
25%
meta
25%
mundo
25%
pieza
25%
quita
25%
quitó
25%
retorno
25%
rico
25%
ropa
25%
servicio
25%
solas
25%
solita
25%
tarjeta
25%
tiesa
25%
transformo
25%
cabrón
20%
castigo
20%
chingas
20%
chinos
20%
digo
20%
Dime
20%
encanta
20%
falta
20%
incompleta
20%
lento
20%
miras
20%
necesitas
20%
nene
20%
ojitos
20%
Pones
20%
prometa
20%
silla
20%
suelta
20%
tan
20%
tráela
20%
vengo
20%
yate
20%
amiga
15%
cabeza
15%
comerte
15%
delito
15%
dos
15%
hice
15%
Moschino
15%
oído
15%
parce
15%
piensas
15%
respiro
15%
salgo
15%
sientes
15%
taste
15%
traviesa
15%
Tyga
15%
atrás
10%
Diciéndote
10%
haces
10%
RedTube
10%
seat
10%
techo
10%
No se encontraron pruebas coincidentes
Distribución de puntuación
Porcentaje de gente con cada puntuación
Porcentaje por número respondido
Historial de tus puntuaciones
No has intentado esta prueba.